Phân lập và tuyển chọn vi khuẩn nội sinh trong cây đậu nành trồng trên đất phù sa ở thành phố Cần Thơ : Luận văn thạc sĩ. Chuyên ngành Công nghệ sinh học

Phân lập và tuyển chọn vi khuẩn nội sinh trong cây đậu nành trồng trên đất phù sa ở thành phố Cần Thơ; giúp giảm đáng kể lượng phân bón dùng trong quá trình canh tác đậu nành, vừa tăng chất lượng cây đậu nành trồng tại vùng đất phèn Ca...

Descripció completa

Guardat en:
Dades bibliogràfiques
Autor principal: Nguyễn, Thị Xuân Mỵ
Format: Llibre
Idioma:Undetermined
Publicat: Cần Thơ Trường Đại học Cần Thơ 2016
Matèries:
Etiquetes: Afegir etiqueta
Sense etiquetes, Sigues el primer a etiquetar aquest registre!
Thư viện lưu trữ: Trung tâm Học liệu Trường Đại học Cần Thơ
LEADER 01248nam a2200217Ia 4500
001 CTU_213152
008 210402s9999 xx 000 0 und d
082 |a 579.3 
082 |b M600 
088 |a 60420201 
100 |a Nguyễn, Thị Xuân Mỵ 
245 0 |a Phân lập và tuyển chọn vi khuẩn nội sinh trong cây đậu nành trồng trên đất phù sa ở thành phố Cần Thơ : 
245 0 |b Luận văn thạc sĩ. Chuyên ngành Công nghệ sinh học 
245 0 |c Nguyễn Thị Xuân Mỵ ; Cao Ngọc Điệp (Cán bộ hướng dẫn) 
260 |a Cần Thơ 
260 |b Trường Đại học Cần Thơ 
260 |c 2016 
520 |a Phân lập và tuyển chọn vi khuẩn nội sinh trong cây đậu nành trồng trên đất phù sa ở thành phố Cần Thơ; giúp giảm đáng kể lượng phân bón dùng trong quá trình canh tác đậu nành, vừa tăng chất lượng cây đậu nành trồng tại vùng đất phèn Cần Thơ 
650 |a Vi sinh vật,Microorganisms 
904 |i Nguyên 
980 |a Trung tâm Học liệu Trường Đại học Cần Thơ